[Event "N4R2-Ramonville / Auch"]
[Site "?"]
[Date "2004.11.08"]
[Round "?"]
[White "Levieux, Pascal"]
[Black "Decosse, Jean-Fabien"]
[Result "0-1"]
[WhiteElo "2209"]
[BlackElo "2059"]
[EventDate "2004.??.??"]
[PlyCount "66"]

1.d4 Nf6 2.Nf3 g6 3.c4 Bg7 4.Nc3 d6 5.e4 Nbd7 6.Be2 e5 7.d5 Nc5 8.Nd2 a5 
9.h4 h5 10.f3 Qe7 11.Nf1 Nh7 12.Be3 b6 13.Qd2 f5 14.g3 fxe4 15.Nxe4 Nxe4 
16.fxe4 Nf6 17.Qc2 Ng4 18.Bxg4 Bxg4 19.Nh2 O-O 20.Nxg4 hxg4 21.Qe2 Rf3 22.
O-O-O Raf8 23.Rdg1 Qf7 24.Kd2 Kh7 25.Ke1 Bh6 26.Bxh6 Kxh6 27.Rg2 Kg7 28.
Rgg1 Qe8 29.h5 gxh5 30.Qd2 Qg6 31.Rh2 Qxe4+ 32.Re2 Qf5 33.Kd1 Qb1+ 0-1

[Event "N4R2-Ramonville / Auch"]
[Site "?"]
[Date "2004.11.08"]
[Round "?"]
[White "Bedos, Michel"]
[Black "Le Gallen, Luc"]
[Result "1-0"]
[WhiteElo "2283"]
[BlackElo "2100"]
[EventDate "2004.??.??"]
[PlyCount "55"]

1.Nf3 c5 2.c4 Nf6 3.g3 b6 4.Bg2 Bb7 5.O-O e6 6.Nc3 Be7 7.Re1 d5 8.cxd5 
Nxd5 9.Nxd5 Bxd5 10.d4 cxd4 11.Qxd4 O-O 12.Qf4 Na6 13.e4 Bb7 14.Qg4 f5 15.
exf5 exf5 16.Qc4+ Kh8 17.Ne5 Bxg2 18.Kxg2 Qc8 19.Nf7+ Rxf7 20.Qxf7 Bf6 21.
Re2 Nc5 22.h4 h6 23.Bxh6 Qc6+ 24.f3 gxh6 25.Rae1 Bg7 26.Re8+ Rxe8 27.Rxe8+
Kh7 28.h5 1-0

[Event "R1 Libre echiquier Muret-Gambit Muret2"]
[Site "Libre echiquier Muret"]
[Date "2004.12.04"]
[Round "3"]
[White "Zarki, Hicham"]
[Black "Callejon, Bernard"]
[Result "0-1"]
[WhiteElo "1499"]
[BlackElo "1530"]
[EventDate "2004.??.??"]
[PlyCount "88"]

1.e4 e5 2.Nc3 Nf6 3.Nf3 d6 4.Bc4 Be7 5.d3 O-O 6.h3 Nc6 7.Be3 a6 8.d4 exd4 
9.Nxd4 Nxd4 10.Bxd4 Be6 11.Qd3 c6 12.Be3 Qc7 13.O-O Rad8 14.Rad1 Qd7 15.
Bb6 Rc8 16.Rfe1 Bxc4 17.Qxc4 Qe6 18.b3 Qxc4 19.bxc4 Nd7 20.Be3 Ne5 21.Na4 
Nxc4 22.Nb6 Nxb6 23.Bxb6 f6 24.c4 c5 25.Ba5 Rc6 26.Bc3 Rb8 27.Re3 b5 28.
cxb5 axb5 29.Bd2 b4 30.Rg3 Ra6 31.Bh6 g6 32.Rd2 c4 33.f4 b3 34.axb3 Rxb3 
35.Rxb3 cxb3 36.Rb2 Rb6 37.g4 Kf7 38.Kf1 g5 39.Ke2 Kg6 40.fxg5 fxg5 41.
Bxg5 Bxg5 42.Kd3 Bf6 43.Kc4 Bxb2 44.Kd5 Be5 0-1

[Event "R1 Libre echiquier Muret-Gambit Muret2"]
[Site "Libre echiquier Muret"]
[Date "2004.12.04"]
[Round "3"]
[White "Spanoudakis, Serge"]
[Black "Ardolade, Jean-Michel"]
[Result "0-1"]
[WhiteElo "1540"]
[BlackElo "1470"]
[EventDate "2004.??.??"]
[PlyCount "72"]

1.d4 Nf6 2.c4 e5 3.d5 Ne4 4.Qd3 Bb4+ 5.Nc3 f5 6.a3 Bc5 7.Nxe4 fxe4 8.Qxe4 
O-O 9.Nf3 d6 10.Qd3 Qf6 11.Bg5 Bxf2+ 12.Kd2 Qf5 13.e4 Qf7 14.Be2 Nd7 15.
Raf1 Nc5 16.Qc2 Nxe4+ 17.Kd1 Bf5 18.Bd3 Nxg5 19.Nxg5 Qh5+ 20.Nf3 Bd4 21.
Kc1 Qg4 22.Bxf5 Be3+ 23.Nd2 Qxg2 24.Kd1 Rxf5 25.Rxf5 Qxh1+ 26.Ke2 Bxd2 27.
Rf1 Qg2+ 28.Rf2 Qg4+ 29.Kxd2 Qd4+ 30.Ke1 e4 31.Qb3 e3 32.Re2 Re8 33.Qxb7 
Qh4+ 34.Kd1 Qd4+ 35.Ke1 Qxc4 36.Kd1 Qd3+ 0-1

[Event "R1 Libre echiquier Muret-Gambit Muret2"]
[Site "Libre echiquier Muret"]
[Date "2004.12.04"]
[Round "3"]
[White "Mas, Jean-Louis"]
[Black "Dolique, Pascal"]
[Result "1-0"]
[WhiteElo "1330"]
[BlackElo "1290"]
[EventDate "2004.??.??"]
[PlyCount "105"]

1.d4 d5 2.c4 c6 3.Nc3 e6 4.Nf3 Nd7 5.Bg5 Be7 6.Bxe7 Nxe7 7.e3 O-O 8.cxd5 
cxd5 9.Bd3 Ng6 10.O-O Nh4 11.g3 Ng6 12.Re1 Nb6 13.Rc1 Qe8 14.Ne2 f6 15.Nc3
e5 16.e4 Be6 17.exd5 Nxd5 18.dxe5 Rd8 19.Qb3 Nb6 20.Qb5 Nd7 21.Bc4 Qf7 22.
Bxe6 Qxe6 23.exf6 Qxf6 24.Qd5+ Kh8 25.Re3 Nde5 26.Qxb7 Ng4 27.Re2 Rf7 28.
Qe4 h5 29.Nd5 Qf5 30.Qxf5 Rxf5 31.h3 Nh6 32.Re3 Rdxd5 33.Rc8+ Ng8 34.Ree8 
Nf8 35.Rxf8 Rxf8 36.Rxf8 Kh7 37.Rb8 Rd3 38.Ng5+ Kh8 39.Nf7+ Kh7 40.Ng5+ 
Kg6 41.Rxg8 Kxg5 42.Rxg7+ Kf5 43.Rxa7 Ke4 44.Kg2 Kf5 45.Ra5+ Kg6 46.Ra3 
Rd4 47.Rf3 Rd2 48.Rb3 Kf5 49.a4 Ke4 50.a5 Rd5 51.Ra3 Rd8 52.a6 Ra8 53.b4 
1-0

[Event "R1 Libre echiquier Muret-Gambit Muret2"]
[Site "Libre echiquier Muret"]
[Date "2004.12.04"]
[Round "3"]
[White "Hallal, Hakim"]
[Black "Le Digabel, Patrick"]
[Result "0-1"]
[WhiteElo "1499"]
[BlackElo "1510"]
[EventDate "2004.??.??"]
[PlyCount "100"]

1.d4 d5 2.Nf3 Nf6 3.c4 e6 4.Nc3 Be7 5.e4 dxe4 6.Ne5 O-O 7.Bg5 Nbd7 8.Qc2 
c5 9.O-O-O Qa5 10.Nxd7 Bxd7 11.Kb1 Bc6 12.d5 exd5 13.Bxf6 Bxf6 14.cxd5 Bd7
15.Nxe4 Bd4 16.Ng5 g6 17.Bd3 Qb6 18.Nf3 Bg7 19.Rd2 Qd6 20.Rhd1 b5 21.b3 
Rfe8 22.h3 a5 23.Ng5 Qf6 24.Qb2 Qxg5 25.Qc2 a4 26.Qxc5 Qf6 27.Rc1 Qa1+ 28.
Kc2 Qb2+ 29.Kd1 Rac8 30.Qxc8 Rxc8 31.Rxc8+ Bxc8 32.Rxb2 Bxb2 33.Bxb5 axb3 
34.axb3 Kf8 35.Ke2 Be5 36.Kd3 Ke7 37.g4 f5 38.gxf5 Bxf5+ 39.Kc4 Bxh3 40.
Bc6 Kd6 41.b4 Kc7 42.Kc5 Bd6+ 43.Kb5 Bf1+ 44.Ka5 h5 45.b5 Bc5 46.Be8 Bd3 
47.Bf7 h4 48.Be6 Bf5 49.d6+ Kxd6 50.Bc8 Bxc8 0-1

[Event "R1 Libre echiquier Muret-Gambit Muret2"]
[Site "Libre echiquier Muret"]
[Date "2004.12.04"]
[Round "3"]
[White "Fouhami, Abderrabi"]
[Black "Boussely, Jack"]
[Result "0-1"]
[WhiteElo "1530"]
[BlackElo "1660"]
[EventDate "2004.??.??"]
[PlyCount "158"]

1.e4 e6 2.a3 d5 3.c3 dxe4 4.Qa4+ Bd7 5.Qxe4 Nc6 6.d4 Nf6 7.Qe2 Be7 8.h3 
O-O 9.Nf3 Re8 10.Ne5 Na5 11.Nd2 c5 12.b4 cxb4 13.axb4 Nc6 14.Nxd7 Qxd7 15.
Nf3 a6 16.Qc2 Rac8 17.Qb3 Bf8 18.Bf4 Nd5 19.Bd2 Bd6 20.Bc4 Nf6 21.O-O Qc7 
22.Bd3 Ne7 23.Bg5 Qxc3 24.Qxc3 Rxc3 25.Bxf6 Rxd3 26.Bxe7 Bxe7 27.Rab1 Bf6 
28.Rfd1 Rxd1+ 29.Rxd1 Rd8 30.Kf1 Kf8 31.Ke2 Be7 32.Rb1 Rc8 33.Kd3 f6 34.
Nd2 Rd8 35.Ke4 Kf7 36.f4 f5+ 37.Kd3 Bf6 38.Nf3 Kf8 39.h4 h6 40.Ne5 Kg8 41.
g3 g5 42.Rg1 Kh7 43.hxg5 hxg5 44.Rh1+ Kg7 45.Re1 Bxe5 46.Rxe5 gxf4 47.gxf4
Kf6 48.Rc5 Rd6 49.Kc4 b5+ 50.Kd3 Kg6 51.Rc7 Kh5 52.Ke3 Kh4 53.Kf3 Kh5 54.
Ke3 Kg6 55.Rc5 Kf6 56.Kd3 Ke7 57.Rc7+ Rd7 58.Rc6 Rd6 59.Rc5 Kd7 60.Re5 Rd5
61.Kc3 Rd6 62.Re1 Rc6+ 63.Kd3 Rc4 64.Rb1 Kd6 65.Ra1 Rxb4 66.Rxa6+ Kd5 67.
Rb6 Rxd4+ 68.Ke3 Re4+ 69.Kf3 Kc5 70.Rb7 b4 71.Rc7+ Kd6 72.Rc1 b3 73.Rb1 
Rb4 74.Ke3 Kd5 75.Kd3 Rxf4 76.Rxb3 Rf3+ 77.Kc2 Rxb3 78.Kxb3 Kd4 79.Kc2 Ke3
0-1

[Event "R1 Libre echiquier Muret-Gambit Muret2"]
[Site "Libre echiquier Muret"]
[Date "2004.12.04"]
[Round "3"]
[White "Fora, Jean-Paul"]
[Black "Moruz, Patrick"]
[Result "1-0"]
[WhiteElo "1610"]
[BlackElo "1499"]
[EventDate "2004.??.??"]
[PlyCount "125"]

1.c4 Nc6 2.Nc3 d6 3.g3 Nf6 4.Bg2 e6 5.d4 d5 6.cxd5 Nxd5 7.Nf3 Bb4 8.Qd3 h6
9.O-O Bxc3 10.bxc3 O-O 11.Bd2 b6 12.a4 Bb7 13.c4 Ba6 14.e3 Qe7 15.Qb3 Na5 
16.Bxa5 bxa5 17.Rfc1 Rab8 18.Qa3 Nb4 19.c5 c6 20.Ne5 Rfc8 21.Qc3 Qc7 22.
Nc4 Bxc4 23.Qxc4 Nd5 24.Qd3 Rb4 25.Rcb1 Rcb8 26.Rxb4 Rxb4 27.Qa6 Rb2 28.
Qd3 Rb4 29.Qc2 Qb8 30.Be4 Rb2 31.Qc1 Qb7 32.Rb1 Rb4 33.Kg2 Nf6 34.Bd3 Qd7 
35.Rxb4 axb4 36.Qb2 a5 37.Qb3 Nd5 38.Be4 Nc3 39.Bd3 g6 40.Bc2 Kg7 41.h4 f5
42.f3 Kf6 43.Bd3 Qg7 44.Bc4 Nd5 45.e4 fxe4 46.fxe4 Nc3 47.e5+ Ke7 48.Bxe6 
Qf8 49.Bg4 Nd5 50.Bf3 Qd8 51.Qd3 Qg8 52.Qd2 Qg7 53.Bxd5 cxd5 54.Qc2 Kd7 
55.c6+ Kc7 56.Qc5 Qg8 57.Qxa5+ Kxc6 58.Qxb4 Qc8 59.Qc5+ Kd7 60.Qxc8+ Kxc8 
61.Kf3 Kd7 62.Ke3 Ke6 63.a5 1-0

[Event "N4R3 - Lardenne / Loures-Barousse"]
[Site "?"]
[Date "2004.12.05"]
[Round "3"]
[White "Viaud, Thierry"]
[Black "Cordier, Michel"]
[Result "0-1"]
[WhiteElo "1680"]
[BlackElo "1530"]
[EventDate "2004.??.??"]
[PlyCount "74"]

1.d4 Nf6 2.Nf3 e6 3.e3 d5 4.Bd3 Nbd7 5.Nbd2 c5 6.c3 Bd6 7.O-O O-O 8.Re1 
Qc7 9.e4 dxe4 10.Nxe4 Nxe4 11.Rxe4 Re8 12.Rh4 f5 13.Ng5 Nf6 14.Nf3 b6 15.
Bg5 Be7 16.Ne5 g6 17.Qf3 Bb7 18.Qh3 Nh5 19.Bxe7 Rxe7 20.Qe3 Nf6 21.f3 cxd4
22.cxd4 Rc8 23.Qh6 Rg7 24.Qg5 Qd8 25.Bc4 Bd5 26.Bxd5 exd5 27.Rc1 Rxc1+ 28.
Qxc1 Rc7 29.Qg5 Qe7 30.Qd2 Ne4 31.Rxe4 fxe4 32.fxe4 dxe4 33.g3 Qe6 34.Qg5 
Rc8 35.Qe3 Qd5 36.a4 Rc2 37.b4 Qa2 0-1

[Event "N4R3 - Lardenne / Loures-Barousse"]
[Site "?"]
[Date "2004.12.05"]
[Round "3"]
[White "Ribou, Jacques"]
[Black "Videau, Yannick"]
[Result "1/2-1/2"]
[WhiteElo "1870"]
[BlackElo "1810"]
[EventDate "2004.??.??"]
[PlyCount "82"]

1.c4 Nf6 2.g3 c5 3.Bg2 Nc6 4.Nc3 e6 5.e3 Be7 6.Nge2 d5 7.cxd5 exd5 8.d4 
O-O 9.O-O Be6 10.Nf4 Qb6 11.Na4 Qb5 12.dxc5 Bxc5 13.Nxc5 Qxc5 14.Bd2 Rac8 
15.Rc1 Qe7 16.Qa4 Rfd8 17.Nxe6 fxe6 18.Bc3 Nd7 19.Qb5 Nde5 20.Bd4 Nxd4 21.
exd4 Rxc1 22.Rxc1 Nc6 23.Qd3 Qf6 24.Rd1 Rf8 25.f3 Rc8 26.Bh3 Ne7 27.Re1 
Nf5 28.Bxf5 exf5 29.Re5 Qc6 30.Qxf5 Qc1+ 31.Kg2 Qc2+ 32.Kh3 Qxf5+ 33.Rxf5 
Rc2 34.Rxd5 Rxb2 35.Ra5 a6 36.g4 Rd2 37.d5 Kf8 38.Kg3 Rd4 39.Kf2 Rd2+ 40.
Kg3 Rd4 41.Kf2 Rd2+ 1/2-1/2

[Event "N4R3 - Lardenne / Loures-Barousse"]
[Site "?"]
[Date "2004.12.05"]
[Round "3"]
[White "Ponsolle, René"]
[Black "Dorleac, Joel"]
[Result "0-1"]
[WhiteElo "1500"]
[BlackElo "1560"]
[EventDate "2004.??.??"]
[PlyCount "76"]

1.e4 e5 2.Nf3 Nc6 3.Bb5 a6 4.Ba4 Nf6 5.d3 b5 6.Bb3 h6 7.c3 d6 8.h3 Be7 9.
Be3 Na5 10.Bc2 c5 11.d4 Nc4 12.Bc1 Qc7 13.b3 Nb6 14.d5 a5 15.Be3 Ba6 16.
Nbd2 Rb8 17.O-O O-O 18.Rc1 Rfc8 19.Bb1 c4 20.Bxb6 Qxb6 21.Re1 Rc7 22.bxc4 
bxc4 23.Bc2 Bc8 24.Rb1 Qa7 25.Rxb8 Qxb8 26.Qc1 Bd7 27.Qa3 Qa7 28.Nxe5 Bxh3
29.Nc6 Rxc6 30.dxc6 Be6 31.Qb2 Ng4 32.Rf1 Bh4 33.Qb7 Bxf2+ 34.Kh1 Qc5 35.
Qb8+ Kh7 36.e5+ g6 37.Ne4 Qxe5 38.Qxd6 Qh5+ 0-1

[Event "N4R3 - Lardenne / Loures-Barousse"]
[Site "?"]
[Date "2004.12.05"]
[Round "3"]
[White "Parpinel, Mario"]
[Black "Condeminas, Christian"]
[Result "0-1"]
[WhiteElo "1820"]
[BlackElo "1740"]
[EventDate "2004.??.??"]
[PlyCount "98"]

1.e4 e6 2.d4 d5 3.Nc3 Bb4 4.Ne2 dxe4 5.a3 Bxc3+ 6.Nxc3 f5 7.Bb5+ c6 8.Ba4 
Nf6 9.O-O O-O 10.Bb3 Nd5 11.Ne2 f4 12.c4 f3 13.cxd5 fxe2 14.Qxe2 exd5 15.
Qxe4 Bf5 16.Qe3 Nd7 17.Qg3 Nf6 18.Ba2 Ne4 19.Qe5 Qd7 20.Bf4 Rf7 21.Be3 Re8
22.Qf4 Bg4 23.Qxf7+ Qxf7 24.f3 Bxf3 25.Rxf3 Qd7 26.Raf1 Nf6 27.Bb1 Rf8 28.
Bf5 Qe7 29.Bd3 Re8 30.Bg5 h6 31.Bh4 g5 32.Bg3 g4 33.R3f2 Qe3 34.Bg6 Ne4 
35.Bxe4 dxe4 36.Be5 Rf8 37.Bg3 Qxd4 38.Kh1 Rxf2 39.Bxf2 e3 40.Be1 Qxb2 41.
h3 Qc1 42.Kh2 e2 43.Rg1 h5 44.hxg4 hxg4 45.Kg3 Qe3+ 46.Kh2 c5 47.a4 c4 48.
a5 c3 49.a6 bxa6 0-1

[Event "N4R3 - Lardenne / Loures-Barousse"]
[Site "?"]
[Date "2004.12.05"]
[Round "3"]
[White "Lavole, Olivier"]
[Black "Reynes, Philippe"]
[Result "0-1"]
[WhiteElo "1560"]
[BlackElo "1770"]
[EventDate "2004.??.??"]
[PlyCount "36"]

1.e4 d5 2.exd5 Qxd5 3.Nc3 Qa5 4.d4 Nf6 5.Bc4 Bg4 6.Nf3 e6 7.Bd2 c6 8.Nd5 
Qd8 9.Nxf6+ gxf6 10.c3 Be7 11.h3 Bh5 12.Qe2 Nd7 13.g4 Bg6 14.Bb3 h5 15.g5 
fxg5 16.O-O-O Qa5 17.Ne5 Nxe5 18.c4 Nd3+ 0-1

[Event "N4R3 - Lardenne / Loures-Barousse"]
[Site "?"]
[Date "2004.12.05"]
[Round "3"]
[White "Foing, Marc"]
[Black "David, Philippe"]
[Result "1/2-1/2"]
[WhiteElo "1499"]
[BlackElo "1350"]
[EventDate "2004.??.??"]
[PlyCount "63"]

1.e4 d5 2.exd5 Nf6 3.Nf3 Nxd5 4.Bc4 Nb6 5.Bb3 g6 6.d4 Bg7 7.c3 O-O 8.Bf4 
c5 9.O-O c4 10.Bc2 Nd5 11.Bg3 Nc6 12.Re1 b5 13.Nbd2 e6 14.Ne5 Bb7 15.Ne4 
Nxe5 16.Bxe5 Bxe5 17.dxe5 f5 18.exf6 Nxf6 19.Qxd8 Raxd8 20.Nc5 Bd5 21.Re2 
Rfe8 22.Rae1 Rd6 23.Rd1 Kf7 24.f3 Red8 25.Rd4 Nh5 26.Ne4 Bxe4 27.Rexe4 
Rxd4 28.cxd4 Nf6 29.Re5 a6 30.Be4 Rxd4 31.Bb7 Rd7 32.Bxa6 1/2-1/2

[Event "N4R3 - Lardenne / Loures-Barousse"]
[Site "?"]
[Date "2004.12.05"]
[Round "3"]
[White "Durand, Stephane"]
[Black "Muratet, Lucas"]
[Result "0-1"]
[WhiteElo "1450"]
[BlackElo "1199"]
[EventDate "2004.??.??"]
[Annotator ",Papa"]
[PlyCount "70"]

1.e4 e5 2.Nf3 Nc6 3.Bc4 Nf6 4.Nc3 Bc5 5.Ng5 O-O 6.d3 d6 7.h3 Nd4 8.Nd5 c6 
9.Nc3 d5 10.Bb3 Ne6 11.Nxe6 Bxe6 12.Bg5 Bb4 13.O-O Bxc3 14.bxc3 dxe4 15.
Bxe6 fxe6 16.Re1 exd3 17.cxd3 Qd5 18.Qe2 Rae8 19.c4 Qd6 20.Qe3 Qd4 21.Qg3 
Nh5 22.Qe3 b6 23.Qd2 Rf7 24.Be3 Qh4 25.Kh2 Qf6 26.d4 exd4 27.Bxd4 Qd8 28.
Qe3 Rd7 29.Be5 Nf6 30.Qg3 Rf7 31.Rad1 Qc8 32.Re3 Qa6 33.Qg5 Ref8 34.Rd4 
Nd7 35.Bd6 Rd8 $4 {Les Blancs perdent au temps !} 0-1

[Event "N4-R3- RAMONVILLE / CONDOM 2"]
[Site "?"]
[Date "2004.12.05"]
[Round "3"]
[White "Bedos, Michel"]
[Black "Pagnoncelli, Hervé"]
[Result "1-0"]
[WhiteElo "2280"]
[BlackElo "1900"]
[EventDate "2004.??.??"]
[PlyCount "71"]

1.d4 d5 2.c4 e6 3.Nc3 Nf6 4.cxd5 exd5 5.Bg5 Bb4 6.e3 O-O 7.Bd3 h6 8.Bh4 
Nbd7 9.Qc2 c5 10.Nf3 Qa5 11.O-O c4 12.Bf5 Bxc3 13.bxc3 b5 14.Rfb1 Rb8 15.
Bg3 Rb7 16.Bd6 Re8 17.a4 bxa4 18.Rxb7 Bxb7 19.Rxa4 Qb6 20.Bg3 a5 21.Ra1 
Ra8 22.Nd2 Qa6 23.f3 Bc6 24.h3 Re8 25.e4 dxe4 26.fxe4 g6 27.Bxd7 Bxd7 28.
Be5 Nh5 29.Qa2 Rxe5 30.dxe5 Qb6+ 31.Kh2 Qf2 32.Nf1 Qf4+ 33.Kg1 Qxe4 34.
Qxa5 Nf4 35.Qa8+ Kg7 36.Qxe4 1-0

[Event "N4-R3- RAMONVILLE / CONDOM"]
[Site "?"]
[Date "2004.12.05"]
[Round "3"]
[White "Schwarz, Klaus"]
[Black "Tromp, Hendrik"]
[Result "0-1"]
[WhiteElo "1620"]
[BlackElo "1950"]
[EventDate "2004.??.??"]
[PlyCount "106"]

1.b4 d5 2.Bb2 e6 3.e3 Nf6 4.b5 c6 5.a4 a6 6.c4 axb5 7.axb5 Rxa1 8.Bxa1 Be7
9.Nf3 O-O 10.Nc3 Nbd7 11.Be2 Nb6 12.cxd5 cxd5 13.O-O Bd7 14.Qb3 Qc7 15.Bb2
Nc4 16.Bxc4 dxc4 17.Qc2 Nd5 18.Nxd5 exd5 19.Rb1 Ra8 20.Bd4 Qc8 21.Qb2 Ba3 
22.Qc3 Bf8 23.b6 Ra3 24.Qc1 Qa8 25.Ra1 f6 26.Rxa3 Qxa3 27.Qb1 Bf5 28.Qa1 
Kf7 29.Qxa3 Bxa3 30.Kf1 Bd3+ 31.Ke1 Ke6 32.g4 Be4 33.Ng1 g6 34.h4 f5 35.g5
Kd6 36.f3 Bd3 37.Nh3 Bc2 38.Nf4 Ba4 39.h5 Be8 40.hxg6 hxg6 41.Kd1 Bf7 42.
Kc2 Bc5 43.Kc3 Kc6 44.d3 Bxb6 45.dxc4 Ba5+ 46.Kc2 dxc4 47.e4 fxe4 48.fxe4 
Bd8 49.Bf6 Bxf6 50.gxf6 Kd6 51.Kc3 Ke5 52.Nd5 Bxd5 53.exd5 Kxf6 0-1

[Event "N4-R3- RAMONVILLE / CONDOM"]
[Site "?"]
[Date "2004.12.05"]
[Round "3"]
[White "Jacob, Claude"]
[Black "Bolon, Karelle"]
[Result "0-1"]
[WhiteElo "1670"]
[BlackElo "2042"]
[EventDate "2004.??.??"]
[PlyCount "54"]

1.e4 c5 2.b3 d6 3.f4 Nc6 4.Nf3 Nf6 5.d3 g6 6.Bb2 Bg7 7.Be2 O-O 8.Nc3 a6 9.
Qd2 b5 10.Nd1 Qb6 11.h3 Rd8 12.g4 e5 13.f5 d5 14.exd5 Nxd5 15.fxg6 fxg6 
16.Nf2 c4 17.Ne4 Ne3 18.Rb1 Nb4 19.Kf2 Nexc2+ 20.Kg3 cxd3 21.Bf1 Bb7 22.
Nf2 Bxf3 23.Bg2 Bxg2 24.Kxg2 Qe3 25.Qd1 Rf8 26.Rf1 Qe2 27.a3 Ne3+ 0-1

[Event "N4-R3- RAMONVILLE / CONDOM"]
[Site "?"]
[Date "2004.12.05"]
[Round "3"]
[White "Guillory, Gabriel"]
[Black "Tauziède, Jean-Pierre"]
[Result "1-0"]
[WhiteElo "1870"]
[BlackElo "1592"]
[EventDate "2004.??.??"]
[PlyCount "53"]

1.d4 Nf6 2.c4 g6 3.Nc3 Bg7 4.e4 d6 5.f4 c5 6.d5 O-O 7.Nf3 e6 8.Be2 exd5 9.
cxd5 Re8 10.e5 dxe5 11.fxe5 Ng4 12.Bg5 f6 13.exf6 Bxf6 14.d6 Bxg5 15.Qd5+ 
Kh8 16.Nxg5 Nh6 17.O-O Bf5 18.h4 Nd7 19.Rad1 b6 20.Bb5 Nf6 21.Qd2 Rf8 22.
Rfe1 a6 23.Bc6 Ra7 24.Nce4 Nxe4 25.Bxe4 Bxe4 26.Rxe4 Qc8 27.d7 1-0

[Event "N4-R3- RAMONVILLE / CONDOM"]
[Site "?"]
[Date "2004.12.05"]
[Round "3"]
[White "Galby, Vassili"]
[Black "Martin, Stéphane"]
[Result "1-0"]
[WhiteElo "1941"]
[BlackElo "1640"]
[EventDate "2004.??.??"]
[PlyCount "57"]

1.e4 c6 2.d4 d5 3.Nc3 dxe4 4.Nxe4 Nf6 5.Nxf6+ exf6 6.Nf3 Bd6 7.Be2 Be6 8.
O-O Nd7 9.c4 Qc7 10.Qc2 O-O-O 11.Bd2 g5 12.c5 Bf4 13.b4 g4 14.g3 Bxd2 15.
Nxd2 f5 16.Nc4 h5 17.Nd6+ Kb8 18.b5 Nf6 19.b6 axb6 20.Rab1 Nd5 21.Bc4 Rxd6
22.cxd6 Qxd6 23.Bxd5 Qxd5 24.Rxb6 Qf3 25.Qb2 Bc8 26.Rb1 c5 27.dxc5 h4 28.
c6 h3 29.Rxb7+ 1-0

[Event "N4-R3- RAMONVILLE / CONDOM"]
[Site "?"]
[Date "2004.12.05"]
[Round "3"]
[White "Faure, Nicolas"]
[Black "Rauzieres, Guy"]
[Result "1/2-1/2"]
[WhiteElo "2004"]
[BlackElo "1740"]
[EventDate "2004.??.??"]
[PlyCount "96"]

1.e4 d5 2.exd5 Nf6 3.c4 e6 4.d4 exd5 5.Nc3 Nc6 6.cxd5 Nxd5 7.Bc4 Bb4 8.Bd2
Bxc3 9.bxc3 O-O 10.Ne2 Bf5 11.O-O Na5 12.Bb3 Nxb3 13.axb3 Re8 14.c4 Nf6 
15.Bc3 Qd6 16.Ng3 Bg6 17.d5 a6 18.Qd4 Rad8 19.Qa7 Ra8 20.Qxb7 Reb8 21.Qc6 
Qxc6 22.dxc6 Ne4 23.Ba5 Rxb3 24.f3 Nxg3 25.hxg3 f6 26.Bxc7 Rc8 27.Bd6 Rxc6
28.c5 Bd3 29.Rfe1 Rb7 30.Re8+ Kf7 31.Rf8+ Ke6 32.Rd1 Rb1 33.Rxb1 Bxb1 34.
g4 Bc2 35.f4 a5 36.Ra8 a4 37.Kf2 Kd5 38.Ke3 Kc4 39.Kd2 Bb3 40.f5 Kb4 41.
Rb8+ Ka3 42.Rb6 Bd5 43.Rxc6 Bxc6 44.Bf8 g6 45.g5 Kb4 46.fxg6 hxg6 47.gxf6 
Kb5 48.Bd6 Bd5 1/2-1/2

[Event "N4-R3- RAMONVILLE / CONDOM"]
[Site "?"]
[Date "2004.12.05"]
[Round "3"]
[White "Calatrava, Julian"]
[Black "Legros, Jean-Luc"]
[Result "0-1"]
[WhiteElo "1690"]
[BlackElo "1980"]
[EventDate "2004.??.??"]
[PlyCount "64"]

1.e4 c6 2.d4 d5 3.e5 Bf5 4.Bd3 Bxd3 5.Qxd3 Qa5+ 6.c3 Qa6 7.Qg3 e6 8.Ne2 
Ne7 9.f4 Nd7 10.Nd2 c5 11.a3 Rc8 12.Qf3 cxd4 13.cxd4 Nc6 14.O-O Be7 15.Nb3
O-O 16.Ng3 Qa4 17.Rd1 f6 18.Nh5 fxe5 19.Qg4 Rf7 20.Rd3 e4 21.Rc3 Nf6 22.
Qxe6 Rd8 23.Nxf6+ Bxf6 24.Be3 Nxd4 25.Nxd4 Bxd4 26.Rc7 Bxe3+ 27.Kh1 Qe8 
28.Qh3 Rxc7 29.Qxe3 d4 30.Qd2 e3 31.Qd3 e2 32.Qd2 Qe3 0-1

[Event "N4-R3- RAMONVILLE / CONDOM"]
[Site "?"]
[Date "2004.12.05"]
[Round "3"]
[White "Berthelot, Nathan"]
[Black "Nicq-Beothy, Ambre"]
[Result "1-0"]
[WhiteElo "1530"]
[BlackElo "1560"]
[EventDate "2004.??.??"]
[PlyCount "89"]

1.e4 c6 2.d4 d5 3.exd5 cxd5 4.Bd3 Nf6 5.Nf3 Nc6 6.O-O Bg4 7.c3 e6 8.h3 Bh5
9.Bf4 Be7 10.Nbd2 O-O 11.Qb3 Qd7 12.Ne5 Nxe5 13.dxe5 Ne8 14.Qc2 Bg6 15.Nf3
Bxd3 16.Qxd3 f6 17.Rfe1 f5 18.c4 Nc7 19.Rac1 Rac8 20.c5 Na6 21.c6 Rxc6 22.
Rxc6 Qxc6 23.Rc1 Nc5 24.Qa3 Ra8 25.b4 Qa4 26.Qxa4 Nxa4 27.a3 b6 28.Nd4 Nb2
29.Rc7 Bf8 30.Nxe6 Nc4 31.Nxf8 Kxf8 32.a4 a5 33.bxa5 Rxa5 34.Rd7 Rxa4 35.
Rxd5 Ke7 36.g3 Ra1+ 37.Kg2 Re1 38.Rb5 Ke6 39.f3 h6 40.Kf2 Ra1 41.Rb4 Ra2+ 
42.Ke1 Nxe5 43.Rxb6+ Kd5 44.Rb5+ Kd4 45.Bxe5+ 1-0

[Event "N4-R3- FOIX / TARBES"]
[Site "?"]
[Date "2004.12.05"]
[Round "3"]
[White "Tugaye, Francis"]
[Black "Luneau, Gilles"]
[Result "1-0"]
[WhiteElo "2110"]
[BlackElo "1950"]
[EventDate "2004.??.??"]
[PlyCount "94"]

1.d4 b5 2.a4 b4 3.Nf3 Bb7 4.Nbd2 Nf6 5.c3 e6 6.g3 c5 7.Bg2 cxd4 8.cxd4 Nc6
9.O-O d5 10.Nb3 a5 11.Bg5 h6 12.Bxf6 Qxf6 13.Qd2 Qd8 14.Rfc1 Bd6 15.e3 O-O
16.Bf1 Qb6 17.Rc2 Rfc8 18.Rac1 Ba6 19.Bd3 Bxd3 20.Qxd3 Qb7 21.Qb5 Qxb5 22.
axb5 Ne7 23.Rxc8+ Nxc8 24.Nxa5 Na7 25.b6 Nb5 26.b7 Rxa5 27.Rc8+ Kh7 28.
b8=Q Bxb8 29.Rxb8 f6 30.Kg2 Kg6 31.Nd2 Nd6 32.Rxb4 Rb5 33.Rxb5 Nxb5 34.Kf3
e5 35.Nb3 Kf5 36.Ke2 Ke6 37.dxe5 fxe5 38.f4 Kd6 39.fxe5+ Kxe5 40.Kd3 Kd6 
41.Nd4 Nxd4 42.Kxd4 g6 43.b4 h5 44.h4 Kc6 45.Ke5 d4 46.exd4 Kb5 47.d5 Kxb4
1-0

[Event "N4-R3- FOIX / TARBES"]
[Site "?"]
[Date "2004.12.05"]
[Round "3"]
[White "Rich, Philippe"]
[Black "Evrard, Emmanuel"]
[Result "1-0"]
[WhiteElo "1950"]
[BlackElo "1750"]
[EventDate "2004.??.??"]
[PlyCount "94"]

1.c4 Nf6 2.Nc3 g6 3.e4 d6 4.d4 Bg7 5.Be2 O-O 6.Bg5 h6 7.Be3 Nbd7 8.Nf3 Re8
9.h3 e5 10.dxe5 Nxe5 11.Nxe5 Rxe5 12.Bd4 Re8 13.Bd3 c5 14.Be3 Be6 15.O-O 
Rc8 16.f4 Bd7 17.Qc2 Nh7 18.Rae1 Bc6 19.Bf2 b6 20.Rd1 Qc7 21.Rfe1 Rcd8 22.
b3 Qc8 23.Bh4 Rd7 24.Be2 h5 25.Bf3 f5 26.Nd5 Bd4+ 27.Bf2 Bxd5 28.cxd5 
Bxf2+ 29.Kxf2 Rde7 30.exf5 Rxe1 31.Rxe1 Rxe1 32.Kxe1 Qe8+ 33.Qe2 Qxe2+ 34.
Kxe2 g5 35.fxg5 Nxg5 36.Bxh5 Ne4 37.Kd3 Nf6 38.Bf3 b5 39.g4 Kg7 40.g5 Nd7 
41.Bh5 Ne5+ 42.Kc2 a5 43.f6+ Kf8 44.Be2 b4 45.h4 Ng6 46.Bd3 Nxh4 47.Be4 
Kf7 1-0

[Event "N4-R3- FOIX / TARBES"]
[Site "?"]
[Date "2004.12.05"]
[Round "3"]
[White "Mourgues, Denis"]
[Black "Carinola, Marco"]
[Result "1/2-1/2"]
[WhiteElo "1499"]
[BlackElo "1499"]
[EventDate "2004.??.??"]
[PlyCount "131"]

1.e4 d6 2.Nf3 Nf6 3.Nc3 g6 4.Bc4 Bg7 5.d4 O-O 6.Be3 Bg4 7.h3 Bxf3 8.gxf3 
Nbd7 9.Qd2 Re8 10.O-O-O c6 11.Bh6 Bh8 12.h4 b5 13.Be2 Qa5 14.a3 Nb6 15.Nb1
Qa6 16.Nc3 Nc4 17.Bxc4 bxc4 18.Na2 Nh5 19.f4 Rab8 20.Qe2 Qb5 21.c3 a5 22.
Kb1 Qb3 23.Rhg1 Qxa3 24.Rd2 Qb3 25.Qxh5 Rb5 26.Qd1 Qxd1+ 27.Rdxd1 Rh5 28.
Rg5 Rxh6 29.Rh1 Bf6 30.Rxa5 Rxh4 31.Rxh4 Bxh4 32.f3 h5 33.Kc2 Bg3 34.Nb4 
Bxf4 35.Nxc6 h4 36.Ra1 e6 37.Kd1 d5 38.e5 h3 39.Ke2 h2 40.Kf2 Kg7 41.Kg2 
Rh8 42.Kh1 Rh3 43.Rf1 Rg3 44.Nb4 Rg1+ 45.Rxg1 hxg1=Q+ 46.Kxg1 Bc1 47.Na2 
Bxb2 48.Kf2 g5 49.Ke3 Kg6 50.Kd2 Kf5 51.Ke2 f6 52.exf6 Kxf6 53.Kd2 Kf5 54.
Ke3 e5 55.dxe5 Kxe5 56.Kd2 Kf4 57.Ke2 Bxc3 58.Nxc3 Ke5 59.Kd2 d4 60.Ne2 d3
61.Ng1 Kf4 62.Nh3+ Kxf3 63.Nxg5+ Kf4 64.Ne6+ Ke4 65.Nc5+ Kd5 66.Nxd3 
1/2-1/2

[Event "N4-R3- FOIX / TARBES"]
[Site "?"]
[Date "2004.12.05"]
[Round "3"]
[White "Molet, Patrice"]
[Black "Carassus, Jean-Louis"]
[Result "0-1"]
[WhiteElo "1499"]
[BlackElo "1780"]
[EventDate "2004.??.??"]
[PlyCount "52"]

1.c4 c5 2.Nc3 Nc6 3.g3 g6 4.Bg2 Bg7 5.Nf3 Nf6 6.d3 O-O 7.O-O d6 8.Rb1 Rb8 
9.h3 Bd7 10.Bd2 Qc8 11.Kh2 a6 12.Qc1 b5 13.cxb5 axb5 14.Bh6 b4 15.Bxg7 
Kxg7 16.Nd1 h6 17.Ne3 Be6 18.b3 Rh8 19.Qb2 Kg8 20.Rbc1 Qd7 21.d4 h5 22.Ng5
Nxd4 23.Nxe6 Qxe6 24.Nc4 Ng4+ 25.hxg4 hxg4+ 26.Kg1 Nxe2+ 0-1